Introducción a la lógica de las ciencias
Uloženo v:
| Hlavní autor: | |
|---|---|
| Médium: | Kniha |
| Jazyk: | španělština |
| Vydáno: |
Barcelona
Labor
1967
|
| Edice: | Nueva Colección Labor, 52
|
| Témata: | |
| Tagy: |
Přidat tag
Žádné tagy, Buďte první, kdo vytvoří štítek k tomuto záznamu!
|
MARC
| LEADER | 00000nam a2200000 a 4500 | ||
|---|---|---|---|
| 001 | UCZ4570 | ||
| 003 | CL-VaPUC | ||
| 008 | 951110e19670000SP |||||||||||||||||spa|d | ||
| 082 | 0 | 4 | |a 501 |b HAR |2 21 |
| 100 | |a Harré, Romano |e author |9 348575 | ||
| 245 | 1 | 0 | |a Introducción a la lógica de las ciencias |
| 300 | |a 171 p | ||
| 942 | |c BK | ||
| 945 | |d 19951110 00:00:00 |a cmena | ||
| 260 | |a Barcelona |b Labor |c 1967 | ||
| 650 | 0 | |a Lógica |9 256849 | |
| 650 | 0 | |a Filosofía de las ciencias |9 256466 | |
| 650 | 0 | |a Metodología |9 256610 | |
| 650 | 0 | |a Teoría del conocimiento |9 255038 | |
| 650 | 0 | |a Investigación científica |9 259857 | |
| 583 | |a last modification |c 19951110 00:00:00 |k Rodrigo Vera | ||
| 490 | 0 | |a Nueva Colección Labor, 52 | |
| 999 | |c 240940 |d 240938 | ||
| 952 | |0 0 |1 0 |4 0 |6 501_000000000000000_HAR_1967 |7 0 |8 P |9 253067 |a BIBEDU |b BIBEDU |c BIBEDU_PB |d 2019-11-19 |i 1595970 |o 501 HAR 1967 |p 1595970 |r 2024-01-25 |w 2019-11-19 |y BK |k FIL | ||